| 000 | 00519nam a22001697a 4500 | ||
|---|---|---|---|
| 003 | MACL | ||
| 005 | 20160320163323.0 | ||
| 008 | 160320b xxu||||| |||| 00| 0 eng d | ||
| 040 | _cMACL | ||
| 041 | _aHindi | ||
| 082 | _a080 | ||
| 100 |
_aडॉ आशुतोष सिंह भदौरिया _947915 |
||
| 245 | _aसफल इण्टरव्यू कैसे दें | ||
| 260 |
_aदिल्ली _bसुयश प्रकाशन |
||
| 650 |
_aPhilosophy _947916 |
||
| 942 |
_2ddc _cHIN |
||
| 999 |
_c53595 _d53595 |
||